<?xml version="1.0" encoding="UTF-8"?>
<record
    xmlns:xsi="http://www.w3.org/2001/XMLSchema-instance"
    xsi:schemaLocation="http://www.loc.gov/MARC21/slim http://www.loc.gov/standards/marcxml/schema/MARC21slim.xsd"
    xmlns="http://www.loc.gov/MARC21/slim">

  <leader>03134cam a22004454i 4500</leader>
  <controlfield tag="003">PE-LiUPU</controlfield>
  <controlfield tag="005">20250731165440.0</controlfield>
  <controlfield tag="008">160610s2011    pe a   grm    000 0 spa d</controlfield>
  <datafield tag="035" ind1=" " ind2=" ">
    <subfield code="a">(Sirsi) a157190</subfield>
  </datafield>
  <datafield tag="040" ind1=" " ind2=" ">
    <subfield code="a">PE-LiUPU</subfield>
    <subfield code="b">spa</subfield>
    <subfield code="c">PE-LiUPU</subfield>
    <subfield code="e">rda</subfield>
  </datafield>
  <datafield tag="099" ind1=" " ind2=" ">
    <subfield code="a">TIS 2</subfield>
    <subfield code="b">L46 2011</subfield>
  </datafield>
  <datafield tag="100" ind1="1" ind2=" ">
    <subfield code="a">Le&#xF3;n Altamirano, Dante Duval,</subfield>
    <subfield code="e">autor</subfield>
  </datafield>
  <datafield tag="245" ind1="1" ind2=" ">
    <subfield code="a">Implementaci&#xF3;n del sistema Web micr&#xF3;fono libre, utilizando la metodolog&#xED;a OPEN-UP, para la accesibilidad de grabaci&#xF3;n de audio /</subfield>
    <subfield code="c">Dante Duval Le&#xF3;n Altamirano.</subfield>
  </datafield>
  <datafield tag="264" ind1=" " ind2="0">
    <subfield code="c">2011.</subfield>
  </datafield>
  <datafield tag="300" ind1=" " ind2=" ">
    <subfield code="a">132 hojas : </subfield>
    <subfield code="b">ilustraciones;</subfield>
    <subfield code="c">30 cm</subfield>
  </datafield>
  <datafield tag="336" ind1=" " ind2=" ">
    <subfield code="a">text</subfield>
    <subfield code="2">rdacontent</subfield>
  </datafield>
  <datafield tag="337" ind1=" " ind2=" ">
    <subfield code="a">unmediated</subfield>
    <subfield code="2">rdamedia</subfield>
  </datafield>
  <datafield tag="338" ind1=" " ind2=" ">
    <subfield code="a">volume</subfield>
    <subfield code="2">rdacarrier</subfield>
  </datafield>
  <datafield tag="502" ind1=" " ind2=" ">
    <subfield code="a">Tesis</subfield>
    <subfield code="b">(Lic.) -- </subfield>
    <subfield code="c">Universidad Peruana Uni&#xF3;n,</subfield>
    <subfield code="d">2011.</subfield>
  </datafield>
  <datafield tag="504" ind1=" " ind2=" ">
    <subfield code="a">Incluye referencias</subfield>
  </datafield>
  <datafield tag="520" ind1="3" ind2=" ">
    <subfield code="a">Sin lugar a dudas, vemos que hace unos 20 a&#xF1;os aproximadamente era casi imposible compartir informaci&#xF3;n segura y r&#xE1;pida entre pa&#xED;ses, ahora con la tecnolog&#xED;a de internet la mayor&#xED;a tiene acceso, a una comunicaci&#xF3;n especializada y globalizada. Internet se ha convertido en un medio muy &#xFA;til de trabajo, estudio y diversi&#xF3;n, por tanto las necesidades cada d&#xED;a aumentan por los cibernautas y muchas de ellas no son satisfechas correctamente, es ah&#xED; donde las buenas ideas y herramientas tecnol&#xF3;gicas encajan para una buena gesti&#xF3;n de la informaci&#xF3;n que viaja por este medio, donde millones de individuos acceden a la mayor fuente de informaci&#xF3;n provocando un inmenso y continuo trasvase de conocimiento entre ellos, a su vez su avanzada actualizaci&#xF3;n. Actualmente son escasos los sistemas web que ofrezcan grabaciones de voz de tiempo real acompa&#xF1;ados de una administraci&#xF3;n de audios con informaci&#xF3;n categorizada para un buen uso, donde los cibernautas tengan la facilidad de gestionar sus audios grabados y finalmente estos sean escuchados v&#xED;a internet, por consiguiente estar&#xE1; disponible a nivel mundial. El objetivo de esta investigaci&#xF3;n es ofrecer un sistema con las grabaciones de audio en tiempo real y pre - editados para su almacenamiento en un servidor web, reduciendo tiempo y optimizando la gesti&#xF3;n de los audios en sus distintas categor&#xED;as: conferencias, clases, charlas, noticias, m&#xFA;sica, salud, tecnolog&#xED;a, pol&#xED;tica, etc. Finalmente se obtendr&#xE1; un sistema de informaci&#xF3;n amigable y accesible desde cualquier punto de internet, siendo aceptado por todas las clases sociales, culturales y niveles profesionales, brindando calidad de servicio y seguridad de todos los audios almacenados en MICROFONO LIBRE (www.microfonolibre.com).</subfield>
  </datafield>
  <datafield tag="526" ind1=" " ind2=" ">
    <subfield code="a">SEG44</subfield>
  </datafield>
  <datafield tag="526" ind1=" " ind2=" ">
    <subfield code="a">SEG26</subfield>
  </datafield>
  <datafield tag="526" ind1=" " ind2=" ">
    <subfield code="a">P151</subfield>
  </datafield>
  <datafield tag="526" ind1=" " ind2=" ">
    <subfield code="a">P150</subfield>
  </datafield>
  <datafield tag="526" ind1=" " ind2=" ">
    <subfield code="a">P149</subfield>
  </datafield>
  <datafield tag="526" ind1=" " ind2=" ">
    <subfield code="a">P146</subfield>
  </datafield>
  <datafield tag="526" ind1=" " ind2=" ">
    <subfield code="a">P145</subfield>
  </datafield>
  <datafield tag="526" ind1=" " ind2=" ">
    <subfield code="a">P126</subfield>
  </datafield>
  <datafield tag="526" ind1=" " ind2=" ">
    <subfield code="a">P125</subfield>
  </datafield>
  <datafield tag="526" ind1=" " ind2=" ">
    <subfield code="a">P92</subfield>
  </datafield>
  <datafield tag="526" ind1=" " ind2=" ">
    <subfield code="a">P75</subfield>
  </datafield>
  <datafield tag="526" ind1=" " ind2=" ">
    <subfield code="a">P74</subfield>
  </datafield>
  <datafield tag="526" ind1=" " ind2=" ">
    <subfield code="a">P27</subfield>
  </datafield>
  <datafield tag="526" ind1=" " ind2=" ">
    <subfield code="a">P15</subfield>
  </datafield>
  <datafield tag="650" ind1="0" ind2="4">
    <subfield code="a">Sistema de informaci&#xF3;n</subfield>
    <subfield code="x">Micr&#xF3;fono libre.</subfield>
  </datafield>
  <datafield tag="596" ind1=" " ind2=" ">
    <subfield code="a">1</subfield>
  </datafield>
  <datafield tag="942" ind1=" " ind2=" ">
    <subfield code="2">ddc</subfield>
    <subfield code="c">TESIS</subfield>
  </datafield>
  <datafield tag="999" ind1=" " ind2=" ">
    <subfield code="a">TIS 2 L46 2011</subfield>
    <subfield code="w">ALPHANUM</subfield>
    <subfield code="c">9863</subfield>
    <subfield code="i">T01580</subfield>
    <subfield code="l">CCODEBUL3</subfield>
    <subfield code="m">BUL</subfield>
    <subfield code="r">1</subfield>
    <subfield code="s">Y</subfield>
    <subfield code="t">TESIS</subfield>
    <subfield code="u">2016-6-10</subfield>
    <subfield code="x">POSGRADO</subfield>
    <subfield code="P">P27</subfield>
    <subfield code="o">.STAFF. Tesis</subfield>
    <subfield code="d">9863</subfield>
  </datafield>
  <datafield tag="980" ind1=" " ind2=" ">
    <subfield code="8">1</subfield>
    <subfield code="g">ALBERTO SANCHEZ Responsable de Automatizaci&#xF3;n</subfield>
  </datafield>
  <datafield tag="952" ind1=" " ind2=" ">
    <subfield code="r">2022-07-06 00:00:00</subfield>
    <subfield code="l">0</subfield>
    <subfield code="o">TIS 2 L46 2011</subfield>
    <subfield code="p">T01580</subfield>
    <subfield code="t">e1</subfield>
    <subfield code="w">2016-06-10</subfield>
    <subfield code="x">FIA</subfield>
    <subfield code="y">TESIS</subfield>
    <subfield code="z">Este &#xCD;tem NO se presta por ser Ejemplar #1.</subfield>
    <subfield code="1">0</subfield>
    <subfield code="2">ddc</subfield>
    <subfield code="7">1</subfield>
    <subfield code="8">TESIS</subfield>
    <subfield code="f">P27</subfield>
    <subfield code="a">BUL</subfield>
    <subfield code="b">BUL</subfield>
    <subfield code="c">TESIS</subfield>
    <subfield code="d">2016-06-10</subfield>
  </datafield>
</record>
